[Event "Seattle"]
[Site "?"]
[Date "1989.??.??"]
[Round "?"]
[White "Hjartarson, J."]
[Black "Karpov, An"]
[Result "0-1"]
[WhiteElo "2615"]
[BlackElo "2750"]
[PlyCount "64"]
[EventDate "1989.??.??"]
[Source "ChessBase"]
[SourceDate "1989.01.01"]

1. e4 e5 2. Nf3 Nc6 3. Bb5 a6 4. Ba4 Nf6 5. O-O Be7 6. Re1 b5 7. Bb3 d6 8. c3 O-O 9. h3 Bb7 10. d4 Re8 11. Nbd2 Bf8 12. a3 h6 13. Bc2 Nb8 14. b4 Nbd7 15. Bb2 a5 16. Bd3 c6 17. Nb3 axb4 18. cxb4 exd4 19. Nfxd4 c5 20. bxc5 dxc5 21. Nxb5 Nxe4 22. Qc2 Ndf6 23. Nc3 Ng5 24. Bb5 Rxe1+ 25. Rxe1 Qc7 26. Bf1 Qc6 27. Re3 Bd6 28. h4 Ne6 29. Nd1 Ng4 30. Rxe6 Bh2+ 31. Kh1 Qxe6 32. f3 Qe1 0-1

[Event "5. It"]
[Site "Bugojno BIH"]
[Date "1986.05.??"]
[Round "3"]
[White "Timman, Jan H"]
[Black "Karpov, Anatoly"]
[Result "1/2-1/2"]
[WhiteElo "2645"]
[BlackElo "2700"]
[PlyCount "56"]
[EventDate "1986.??.??"]
[Source "www.chesslib.no"]
[SourceDate "2004.05.04"]

1. e4 e5 2. Nf3 Nc6 3. Bb5 a6 4. Ba4 Nf6 5. O-O Be7 6. Re1 b5 7. Bb3 d6 8. c3 O-O 9. h3 Bb7 10. d4 Re8 11. Ng5 Rf8 12. Nf3 Re8 13. Nbd2 Bf8 14. a3 h6 15. Bc2 Nb8 16. b4 Nbd7 17. Bb2 g6 18. c4 exd4 19. cxb5 axb5 20. Nxd4 c6 21. a4 bxa4 22. Bxa4 Qb6 23. Nc2 Qc7 24. Bb3 Rxa1 25. Bxa1 Bg7 26. Ne3 c5 27. bxc5 Nxc5 28. Bxf6 Bxf6 1/2-1/2

[Event "It"]
[Site "Tilburg NED"]
[Date "1979.??.??"]
[Round "10"]
[White "Timman, Jan H"]
[Black "Karpov, Anatoly"]
[Result "1/2-1/2"]
[WhiteElo "2625"]
[BlackElo "2705"]
[PlyCount "56"]
[EventDate "1979.??.??"]
[Source "www.chesslib.no"]
[SourceDate "2004.05.04"]

1. e4 e5 2. Nf3 Nc6 3. Bb5 a6 4. Ba4 Nf6 5. O-O Be7 6. Re1 b5 7. Bb3 d6 8. c3 O-O 9. h3 Bb7 10. d4 Re8 11. Ng5 Rf8 12. Nf3 Re8 13. Nbd2 Bf8 14. a3 h6 15. Bc2 Nb8 16. b4 Nbd7 17. Bb2 g6 18. c4 exd4 19. cxb5 axb5 20. Nxd4 c6 21. a4 bxa4 22. Bxa4 Rc8 23. Rc1 c5 24. bxc5 dxc5 25. N4f3 Bc6 26. Bxc6 Rxc6 27. Nc4 Nb6 28. Qxd8 Rxd8 1/2-1/2

[Event "11th GM"]
[Site "Lippstadt"]
[Date "2003.08.08"]
[Round "2"]
[White "COMP BrutusP-I.XII"]
[Black "Jenni, Florian"]
[Result "1-0"]
[WhiteElo "2800"]
[BlackElo "2508"]
[PlyCount "71"]
[EventDate "2003.08.07"]
[Source "Roberto Alvarez"]
[SourceDate "2003.08.18"]

1. e4 e5 2. Nf3 Nc6 3. Bb5 a6 4. Ba4 Nf6 5. O-O Be7 6. Re1 b5 7. Bb3 O-O 8. c3 d6 9. h3 h6 10. d4 Re8 11. Nbd2 Bf8 12. Nf1 Bd7 13. Ng3 Na5 14. Bc2 c5 15. b3 Nc6 16. d5 Ne7 17. Be3 Nh7 18. a3 a5 19. a4 b4 20. cxb4 axb4 21. Nd2 Ng6 22. Bd3 Be7 23. Bb5 Bxb5 24. axb5 Qb6 25. Qe2 Nf6 26. Nf5 Bf8 27. Nc4 Qxb5 28. Qf3 Ra6 29. Nxh6+ gxh6 30. Rxa6 Qxa6 31. Qxf6 Ra8 32. g3 h5 33. h4 Qa2 34. Nxd6 Bxd6 35. Qxd6 Qxb3 36. Qf6 1-0

[Event "34. TCh-GRE"]
[Site "?"]
[Date "2005.07.10"]
[Round "8"]
[White "Asrian Karen"]
[Black "Avrukh Boris"]
[Result "1/2-1/2"]
[WhiteElo "2611"]
[BlackElo "2652"]
[PlyCount "42"]
[EventDate "2005.??.??"]
[Source "www.chesslib.no"]
[SourceDate "2004.05.04"]

1. e4 e5 2. Nf3 Nc6 3. Bb5 a6 4. Ba4 Nf6 5. O-O Be7 6. Re1 b5 7. Bb3 d6 8. c3 O-O 9. d3 Na5 10. Bc2 c5 11. Nbd2 Re8 12. Nf1 h6 13. h3 Bf8 14. d4 Qc7 15. Ng3 Bd7 16. dxe5 dxe5 17. Nh2 g6 18. Qf3 Re6 19. Ng4 Nxg4 20. Qxg4 Kh7 21. Qf3 Bc6 1/2-1/2

[Event "Corr"]
[Site "?"]
[Date "1996.11.01"]
[Round "?"]
[White "Vitomskis Janis"]
[Black "Oosterom Joop J.van (NED)"]
[Result "0-1"]
[WhiteElo "2595"]
[BlackElo "2655"]
[PlyCount "100"]
[EventDate "1996.??.??"]
[Source "www.chesslib.no"]
[SourceDate "2004.05.04"]

1. e4 e5 2. Nf3 Nc6 3. Bb5 a6 4. Ba4 Nf6 5. O-O Be7 6. Re1 b5 7. Bb3 d6 8. c3 O-O 9. h3 Re8 10. d4 Bb7 11. Nbd2 Bf8 12. a3 h6 13. Bc2 Nb8 14. b4 Nbd7 15. Bb2 g6 16. Qb1 Rb8 17. Nb3 c5 18. bxc5 dxc5 19. dxe5 Nxe5 20. Nxe5 Rxe5 21. c4 Re6 22. cxb5 axb5 23. Qc1 Rc8 24. Nd2 Bg7 25. e5 Nd5 26. Nf3 Nb6 27. Nh2 c4 28. Bc3 Nd5 29. Be4 Nxc3 30. Bxb7 Rc7 31. Qxc3 Rxb7 32. Nf3 Rd7 33. a4 Rd3 34. Qc1 Rxf3 35. gxf3 Bxe5 36. Rb1 Qh4 37. Kg2 Bd4 38. Qc2 Rxe1 39. Rxe1 b4 40. Re2 Qg5+ 41. Kf1 Qc5 42. Re8+ Kh7 43. Rb8 b3 44. Qd1 Qc7 45. Re8 Be5 46. Kg2 b2 47. Qc2 c3 48. h4 h5 49. a5 Qxa5 50. Qe4 Bg7 0-1

[Event "Cacak"]
[Site "?"]
[Date "1996.??.??"]
[Round "?"]
[White "Georgiev, Kiril D"]
[Black "Beliavsky, Alexander G"]
[Result "0-1"]
[WhiteElo "2615"]
[BlackElo "2615"]
[PlyCount "29"]
[EventDate "1996.??.??"]
[Source "www.chesslib.no"]
[SourceDate "2004.05.04"]

1. e4 e5 2. Nf3 Nc6 3. Bb5 a6 4. Ba4 Nf6 5. O-O Be7 6. Re1 b5 7. Bb3 d6 8. c3 O-O 9. h3 h6 10. d4 Re8 11. Nbd2 Bf8 12. Nf1 Bd7 13. Ng3 Na5 14. Bc2 c5 15. b3 0-1

[Event "Hilversum NED"]
[Site "?"]
[Date "2006.06.23"]
[Round "6"]
[White "Stellwagen Daniel"]
[Black "Sokolov Ivan"]
[Result "1-0"]
[WhiteElo "2543"]
[BlackElo "2676"]
[PlyCount "149"]
[EventDate "2006.??.??"]
[Source "www.chesslib.no"]
[SourceDate "2004.05.04"]

1. e4 e5 2. Nf3 Nc6 3. Bb5 a6 4. Ba4 Nf6 5. O-O Be7 6. Re1 b5 7. Bb3 d6 8. c3 O-O 9. h3 h6 10. d4 Re8 11. Nbd2 Bf8 12. Nf1 Bb7 13. Ng3 Na5 14. Bc2 Nc4 15. a4 d5 16. b3 dxe4 17. Nxe4 Nxe4 18. Bxe4 Bxe4 19. Rxe4 Qd5 20. Re1 Na5 21. axb5 axb5 22. Rxe5 Qxb3 23. Bf4 Qxd1+ 24. Rxd1 c6 25. Rxe8 Rxe8 26. d5 cxd5 27. Rxd5 g5 28. Bc7 Nc4 29. Rxb5 Ra8 30. Rb8 Ra1+ 31. Kh2 Ra7 32. Be5 Nxe5 33. Nxe5 Kg7 34. Rd8 Ra2 35. Kg3 Re2 36. Nc6 Rc2 37. Rd3 f5 38. Nd4 f4+ 39. Kf3 Ra2 40. g3 fxg3 41. fxg3 Kg6 42. Ke4 h5 43. Nf3 Kf6 44. Nd2 g4 45. hxg4 hxg4 46. c4 Ke6 47. Nb3 Re2+ 48. Kf4 Bd6+ 49. Kg5 Be7+ 50. Kg6 Ke5 51. c5 Re4 52. Nd2 Re1 53. Nc4+ Ke4 54. c6 Kxd3 55. c7 Kxc4 56. c8=Q+ Bc5 57. Qxg4+ Bd4 58. Qf4 Kd3 59. g4 Be3 60. Qd6+ Ke2 61. Kf5 Rc1 62. Qe6 Kd3 63. Qd5+ Bd4 64. Qe4+ Kc3 65. g5 Ra1 66. Qc6+ Kd3 67. Qb5+ Kc3 68. g6 Rg1 69. Qc6+ Kd3 70. Qa6+ Kc3 71. Qe2 Kb4 72. Ke4 Bc3 73. Kd3 Rg3+ 74. Kc2 Bd4 75. Qe7+ 1-0

[Event "Istanbul (ol)"]
[Site "?"]
[Date "2000.??.??"]
[Round "?"]
[White "Dominguez, L."]
[Black "Peng, Xiaomin"]
[Result "0-1"]
[WhiteElo "2530"]
[BlackElo "2655"]
[PlyCount "112"]
[EventDate "2000.??.??"]
[Source "Chess Informant"]
[SourceDate "2000.10.01"]

1. e4 e5 2. Nf3 Nc6 3. Bb5 a6 4. Ba4 Nf6 5. O-O Be7 6. Re1 b5 7. Bb3 O-O 8. h3 d6 9. c3 Re8 10. d4 h6 11. Nbd2 Bf8 12. Nf1 Bb7 13. Ng3 Na5 14. Bc2 Nc4 15. b3 Nb6 16. a4 bxa4 17. bxa4 a5 18. Bd3 Ba6 19. Bxa6 Rxa6 20. d5 c6 21. Qd3 Qc8 22. dxc6 Na8 23. Be3 Rxc6 24. Rec1 Nb6 25. Bxb6 Rxb6 26. Nd2 Qc5 27. Ne2 Reb8 28. Rcb1 d5 29. exd5 Nxd5 30. Rxb6 Rxb6 31. Rd1 Nf6 32. Nc4 Rb8 33. Ne3 Qc6 34. Qc4 Bc5 35. Ng3 g6 36. Kh2 Rc8 37. Nd5 Nxd5 38. Rxd5 Bb6 39. Qd3 Qxc3 40. Qxc3 Rxc3 41. Rxe5 Ra3 42. Re8+ Kg7 43. Ne4 Rxa4 44. f3 Bc7+ 45. Kg1 Ra1+ 46. Kf2 Ra2+ 47. Kf1 a4 48. Ra8 a3 49. Nc3 Ra1+ 50. Kf2 Bd6 51. Ra4 Rc1 52. Ne2 Bc5+ 53. Kg3 Rc2 54. Nd4 Rd2 55. Nb5 a2 56. h4 Rc2 0-1

[Event "HUN-chT 0102"]
[Site "?"]
[Date "2002.01.12"]
[Round "2"]
[White "Acs Peter"]
[Black "Beliavsky Alexander G"]
[Result "0-1"]
[WhiteElo "2514"]
[BlackElo "2659"]
[PlyCount "88"]
[EventDate "2002.??.??"]
[Source "www.chesslib.no"]
[SourceDate "2004.05.04"]

1. e4 e5 2. Nf3 Nc6 3. Bb5 a6 4. Ba4 Nf6 5. O-O Be7 6. Re1 b5 7. Bb3 d6 8. c3 O-O 9. h3 Bb7 10. d4 Re8 11. Nbd2 Bf8 12. a3 h6 13. Bc2 Nb8 14. b4 Nbd7 15. Bb2 c5 16. bxc5 exd4 17. cxd4 dxc5 18. e5 Nd5 19. Ne4 c4 20. Bc1 a5 21. Qe2 Rc8 22. Nh2 Qb6 23. Ng4 f5 24. Nxh6+ gxh6 25. Qh5 Re7 26. Ng3 Rg7 27. Qxf5 Ne7 28. Qf4 Qe6 29. Qh4 Rf7 30. Nh5 Bg7 31. Rb1 Bc6 32. Nf4 Rxf4 33. Qxf4 Nf8 34. Bd2 c3 35. Bc1 Rb8 36. Qg4 Qxg4 37. hxg4 Ne6 38. Rd1 Bd5 39. Rd3 Nc6 40. Rxc3 Nexd4 41. Rc5 Rd8 42. Bb2 Nxc2 43. Rd1 N2d4 44. Bxd4 Bb3 0-1

[Event "Graz op-A"]
[Site "Graz"]
[Date "1999.??.??"]
[Round "9"]
[White "Lerner, Konstantin Z"]
[Black "Eingorn, Vereslav S"]
[Result "1/2-1/2"]
[WhiteElo "2585"]
[BlackElo "2585"]
[PlyCount "27"]
[EventDate "1999.09.17"]
[Source "www.chesslib.no"]
[SourceDate "2004.05.04"]

1. e4 e5 2. Nf3 Nc6 3. Bb5 a6 4. Ba4 Nf6 5. O-O Be7 6. Re1 b5 7. Bb3 d6 8. c3 O-O 9. h3 Na5 10. Bc2 c5 11. d3 Re8 12. Nbd2 Bf8 13. Nf1 h6 14. Ng3 1/2-1/2

[Event "RUS"]
[Site "?"]
[Date "2006.04.29"]
[Round "10"]
[White "Khairullin Ildar"]
[Black "Korotylev Alexey"]
[Result "1-0"]
[WhiteElo "2544"]
[BlackElo "2618"]
[PlyCount "137"]
[EventDate "2006.??.??"]
[Source "www.chesslib.no"]
[SourceDate "2004.05.04"]

1. e4 e5 2. Nf3 Nc6 3. Bb5 a6 4. Ba4 Nf6 5. O-O Be7 6. Re1 b5 7. Bb3 d6 8. c3 O-O 9. h3 Re8 10. Ng5 Rf8 11. Nf3 Re8 12. d4 h6 13. Nbd2 Bf8 14. Nf1 Bd7 15. Ng3 Na5 16. Bc2 c5 17. d5 Nc4 18. a4 Nb6 19. a5 Nc4 20. b4 Rc8 21. Bd3 cxb4 22. cxb4 Rc7 23. Qe2 Qc8 24. Ra2 g6 25. Rc2 Bg7 26. Nd2 Nxd2 27. Rxc7 Qxc7 28. Bxd2 Qb8 29. Qe3 Bc8 30. Rc1 Nd7 31. Ne2 Bb7 32. Nc3 Rc8 33. Nxb5 axb5 34. Bxb5 Rxc1+ 35. Bxc1 Bc8 36. Qd3 Nf6 37. Be3 Nxe4 38. Bb6 Nf6 39. Qc4 Bf8 40. Bc6 Be7 41. Qb5 Kg7 42. a6 Bxa6 43. Qxa6 Bd8 44. Bxd8 Qxd8 45. b5 Ne4 46. b6 Qg5 47. b7 Nc5 48. Qf1 Qd8 49. Qb5 Qb8 50. Qa5 Nxb7 51. Qb6 Qd8 52. Qxb7 Qg5 53. Qb4 Qf6 54. Bb5 h5 55. g3 Qe7 56. Be2 Qc7 57. Kg2 Qe7 58. h4 Qc7 59. Bd3 Qe7 60. Qb6 Kg8 61. Bb5 Kg7 62. Qb8 Qf6 63. Qc7 Kf8 64. Bd3 Kg7 65. Be4 Kg8 66. Kf1 Kg7 67. Ke2 Kg8 68. Qd7 Kg7 69. f3 1-0

[Event "Reykjavik"]
[Site "?"]
[Date "1987.??.??"]
[Round "?"]
[White "Short, N."]
[Black "Hjartarson, J."]
[Result "0-1"]
[WhiteElo "2615"]
[BlackElo "2545"]
[PlyCount "91"]
[EventDate "1987.??.??"]
[Source "ChessBase"]
[SourceDate "1987.01.01"]

1. e4 e5 2. Nf3 Nc6 3. Bb5 a6 4. Ba4 Nf6 5. O-O Be7 6. Re1 b5 7. Bb3 O-O 8. c3 d6 9. h3 Bb7 10. d4 Re8 11. Nbd2 Bf8 12. a3 h6 13. Bc2 Nb8 14. b3 Nbd7 15. Bb2 g6 16. a4 c6 17. Qb1 Bg7 18. axb5 cxb5 19. d5 h5 20. b4 Nb6 21. Nb3 Nc4 22. Nfd2 Nxd2 23. Nxd2 h4 24. c4 Bh6 25. Bc1 bxc4 26. Nxc4 Bxc1 27. Qxc1 Nh5 28. Bd3 Nf4 29. Bf1 Qe7 30. Qe3 f5 31. Qb6 Red8 32. Na5 Rd7 33. Nc6 Qg5 34. Qe3 fxe4 35. g3 Rh7 36. Kh2 hxg3+ 37. fxg3 Nxh3 38. Qxg5 Nxg5+ 39. Kg2 Nf3 40. Rxe4 Rf8 41. g4 Rh2+ 42. Kg3 Rh1 43. Re2 Nh4 44. Re3 g5 45. Ne7+ Kg7 46. Rc3 0-1

[Event "Las Palmas"]
[Site "Las Palmas"]
[Date "1972.??.??"]
[Round "15"]
[White "Gheorghiu, Florin"]
[Black "Portisch, Lajos"]
[Result "1/2-1/2"]
[WhiteElo "2520"]
[BlackElo "2640"]
[PlyCount "44"]
[EventDate "1972.??.??"]
[Source "ChessBase"]

1. e4 e5 2. Nf3 Nc6 3. Bb5 a6 4. Ba4 Nf6 5. O-O Be7 6. Re1 b5 7. Bb3 d6 8. c3 O-O 9. h3 h6 10. d4 Re8 11. Nbd2 Bf8 12. Nf1 Bd7 13. Ng3 Na5 14. Bc2 c5 15. b3 Nc6 16. d5 Ne7 17. c4 Ng6 18. Nf5 Nf4 19. Bxf4 exf4 20. Nxd6 Bxd6 21. e5 Bf8 22. Qd3 g6 1/2-1/2

[Event "Russia"]
[Site "?"]
[Date "1996.??.??"]
[Round "?"]
[White "Ye, Jiangchuan"]
[Black "Goldin, A."]
[Result "1-0"]
[WhiteElo "2540"]
[BlackElo "2600"]
[PlyCount "103"]
[EventDate "1996.??.??"]
[Source "ChessBase"]
[SourceDate "1996.06.01"]

1. e4 e5 2. Nf3 Nc6 3. Bb5 a6 4. Ba4 Nf6 5. O-O Be7 6. Re1 b5 7. Bb3 d6 8. c3 O-O 9. h3 Re8 10. d4 h6 11. Nbd2 Bf8 12. Nf1 Bd7 13. Ng3 Na5 14. Bc2 Nc4 15. a4 c5 16. b3 Na5 17. axb5 axb5 18. d5 Qc7 19. Be3 Rec8 20. Nd2 Nb7 21. f4 Qd8 22. Rc1 Ra2 23. Nf3 Qe8 24. Rf1 Rca8 25. fxe5 dxe5 26. Ne1 R8a6 27. c4 bxc4 28. bxc4 Na5 29. Qd3 Rb6 30. Bd2 Qb8 31. Nf3 Nb3 32. Bxb3 Rxb3 33. Bc3 Bd6 34. Nd2 Rb6 35. Rxf6 gxf6 36. Nh5 Bf8 37. Rf1 Raa6 38. Qg3+ Kh7 39. Kh2 Qe8 40. Rf3 Ba4 41. Qf2 Qe7 42. Rg3 Bd7 43. Nf3 Rb3 44. Nh4 Rxc3 45. Rxc3 f5 46. Nxf5 Qg5 47. Nhg3 h5 48. Rf3 Rf6 49. Nf1 Bxf5 50. Ng3 Bh6 51. Nxf5 Qc1 52. Nxh6 1-0

[Event "Moscow7 Open"]
[Site "Moscow RUS"]
[Date "1991.??.??"]
[Round "?"]
[White "Sokolov, Andrei"]
[Black "Balashov, Yuri S"]
[Result "1/2-1/2"]
[WhiteElo "2550"]
[BlackElo "2590"]
[PlyCount "123"]
[EventDate "1991.09.??"]
[Source "www.chesslib.no"]
[SourceDate "2004.05.04"]

1. e4 e5 2. Nf3 Nc6 3. Bb5 a6 4. Ba4 Nf6 5. O-O Be7 6. Re1 b5 7. Bb3 d6 8. c3 O-O 9. h3 h6 10. d4 Re8 11. a4 Bd7 12. a5 Bf8 13. d5 Ne7 14. c4 c6 15. Nc3 Ng6 16. dxc6 Bxc6 17. Be3 Qc7 18. Nd5 Nxd5 19. cxd5 Bd7 20. Nh2 Qd8 21. Qf3 Rc8 22. Nf1 Qh4 23. Ng3 Ne7 24. Bd2 Rc7 25. Qe3 Rb7 26. Rac1 Rc8 27. Bb4 Rxc1 28. Rxc1 Nc8 29. Bd1 Qd8 30. Qc3 g6 31. Bg4 Na7 32. Qc2 Bxg4 33. hxg4 Be7 34. Bd2 Bg5 35. b4 Kg7 36. Nf1 Bxd2 37. Nxd2 Qg5 38. f3 Rb8 39. Qd3 Rc8 40. Rxc8 Nxc8 41. Qc3 Na7 42. Nf1 Qe7 43. f4 f6 44. f5 g5 45. Ng3 Kf7 46. Nh5 Qd8 47. Kh2 Qe7 48. Ng3 Kg7 49. Ne2 Qd8 50. Kg1 Qe7 51. Kf2 Qd8 52. Ke1 Qe7 53. Kd2 Qd8 54. Qh3 Qc7 55. Qh5 Qf7 56. Qh3 Qc7 57. Qd3 Nc8 58. Nc3 Na7 59. Qe3 Nc8 60. Qd3 Na7 61. Qe2 Qf7 62. Qe3 1/2-1/2

[Event "Thessaloniki ol (Men)"]
[Site "Thessaloniki GRE"]
[Date "1988.??.??"]
[Round "3"]
[White "Short, Nigel D"]
[Black "Greenfeld, Alon"]
[Result "1-0"]
[WhiteElo "2630"]
[BlackElo "2510"]
[PlyCount "79"]
[EventDate "1988.11.??"]
[Source "www.chesslib.no"]
[SourceDate "2004.05.04"]

1. e4 e5 2. Nf3 Nc6 3. Bb5 a6 4. Ba4 Nf6 5. O-O Be7 6. Re1 b5 7. Bb3 d6 8. c3 O-O 9. h3 Re8 10. d4 Bb7 11. Nbd2 Bf8 12. a3 h6 13. Bc2 Nb8 14. b4 Nbd7 15. Bb2 g6 16. Rb1 Rc8 17. Ba1 Bg7 18. d5 Nb6 19. a4 c6 20. a5 Nc4 21. Nxc4 bxc4 22. dxc6 Bxc6 23. Qe2 Qe7 24. Rbd1 d5 25. Nd2 Ba8 26. Bb2 dxe4 27. Nxc4 Nd5 28. Rxd5 Bxd5 29. Nb6 Rcd8 30. Nxd5 Rxd5 31. Bxe4 Rd6 32. b5 Qd8 33. bxa6 f5 34. Bb7 Qxa5 35. Ra1 Qb6 36. Ba3 Rd7 37. Qc4+ Kh7 38. Qc6 Qc7 39. Qxc7 Rxc7 40. Bd6 1-0

[Event "Teeside"]
[Site "Teeside"]
[Date "1972.??.??"]
[Round "2"]
[White "Parma, Bruno"]
[Black "Gligoric, Svetozar"]
[Result "1/2-1/2"]
[WhiteElo "2530"]
[BlackElo "2600"]
[PlyCount "43"]
[EventDate "1972.??.??"]
[Source "ChessBase"]

1. e4 e5 2. Nf3 Nc6 3. Bb5 a6 4. Ba4 Nf6 5. O-O Be7 6. Re1 b5 7. Bb3 d6 8. c3 O-O 9. h3 h6 10. d4 Re8 11. Nbd2 Bf8 12. Nf1 Bb7 13. Ng3 Na5 14. Bc2 Nc4 15. b3 Nb6 16. Bb2 c5 17. dxc5 dxc5 18. Qxd8 Raxd8 19. c4 Nfd7 20. cxb5 axb5 21. a4 bxa4 22. bxa4 1/2-1/2

[Event "Yerevan"]
[Site "Erevan ARM"]
[Date "1988.??.??"]
[Round "?"]
[White "Romanishin, Oleg M"]
[Black "Psakhis, Lev B"]
[Result "1/2-1/2"]
[WhiteElo "2570"]
[BlackElo "2550"]
[PlyCount "76"]
[EventDate "1988.05.??"]
[Source "www.chesslib.no"]
[SourceDate "2004.05.04"]

1. e4 e5 2. Nf3 Nc6 3. Bb5 a6 4. Ba4 Nf6 5. O-O Be7 6. Re1 b5 7. Bb3 O-O 8. c3 d6 9. h3 Re8 10. d4 Bb7 11. Ng5 Rf8 12. Nf3 Re8 13. Nbd2 Bf8 14. a3 h6 15. Bc2 Nb8 16. b3 Nbd7 17. Bb2 c6 18. Rc1 g6 19. b4 Rc8 20. Bb1 Bg7 21. dxe5 dxe5 22. c4 c5 23. cxb5 axb5 24. bxc5 Rxc5 25. Qb3 Rxc1 26. Rxc1 Qb6 27. Ba2 Re7 28. Qc2 Nh5 29. Qc7 Nf4 30. Qxb6 Nxb6 31. Rc5 Na4 32. Rxb5 Nc3 33. Bxc3 Ne2+ 34. Kh2 Nxc3 35. Rb2 Bxe4 36. Nxe4 Nxe4 37. Rc2 Ra7 38. Bd5 Nd6 1/2-1/2